| 000 | 00887nam a22002297a 4500 | ||
|---|---|---|---|
| 003 | UPN | ||
| 005 | 20240911064345.0 | ||
| 008 | 220512s2004 sp|||||fr|||| 00| 0 spa d | ||
| 020 | _a8476586760 | ||
| 040 |
_aMX-MxUPN _bspa _cMX-MxUPN |
||
| 050 | 1 | 4 |
_aB105 C4.73 _bG6.6 2004 |
| 100 | 1 |
_928516 _aGonzález Casanova, Pablo, _d1922- |
|
| 245 | 1 | 0 |
_aLas nuevas ciencias y las humanidades : _bde la academia a la política / _cPablo González Casanova |
| 260 |
_aRubí, Barcelona : _bAnthropos Editorial ; _aMéxico : _bUNAM, Instituto de Investigaciones Sociales ; _aMadrid : _bUniversidad Complutense de Madrid , _c2004 |
||
| 300 | _a478 páginas | ||
| 490 |
_aAutores, textos y temas. Ciencias sociales ; _v37 |
||
| 650 | 2 |
_99823 _aComplejidad (Filosofía) |
|
| 650 | 4 |
_aCiencia _xFilosofía _94696 |
|
| 650 | 2 |
_910137 _aCiencia y humanidades |
|
| 942 |
_2lcc _cLIBRO |
||
| 999 |
_c208454 _d208454 |
||